LDR 00992naa#a2200193#i#450# 001 RU\\bibl\122096 005 20260603153245.3 011 ## _a2588-0209 100 ## _a20260601b2026####ek#y0rusy0150####ca 102 ## _aRU 200 1# _aО некоторых несоответствиях в области отнесения земель к виноградопригодным в Краснодарском крае _eЖурнальная статья 210 1# _aМосква _cЭлектронная наука _d2026 215 ## _a13 с. 608 ## _aЖурнальная статья _2local 675 ## _aКлассификация по ценности и использованию почв, классификация по различным почвенным системам. 631.474 _z 700 #1 _aКалиткин _gАлексей Викторович 700 #1 _aВласенко _gВалерий Петрович 700 #1 _aБыкова _gМарина Владимировна 856 4# _aqje.su _u